000
00315nam a22001337a 4500
999
_c
14054
_d
14054
020
_a
9781292094939
082
_a
612
100
_a
Dee Unglaub Silverthorn
245
_a
Human Physiology: An Integrated Approach
250
_a
7th ed.
260
_a
UK
_b
Pearson Education
_c
2015
300
_a
960 pages
942
_c
BK